000 00566nam a22002057a 4500
003 OSt
005 20160412133744.0
008 160408b xxu||||| |||| 00| 0 eng d
020 _a013149855X
040 _cDDC
082 _a519.5 BUS 2005.
100 _aDavid F.Groebner[al....et]
_97595
245 _aBusiness statistics.
_bA decision Making approach.
250 _asixth ed
260 _aNew Jersey.
_bPearson prentice Hall.
_c2005.
300 _axxiv,808p;
_bcol,ill;
_c27cm.
504 _aincludes index.
650 _aStatistics.
_91274
942 _2ddc
_cSLOAN
999 _c3405
_d3405